Countries With The Most Miss World Winners - Statistics

General Stats
  • This quiz has been taken 62 times
  • The average score is 22 of 36
Answer Stats
Titles Answer % Correct
3 United States
96%
1 Brazil
91%
1 France
91%
5 United Kingdom
89%
6 Venezuela
89%
1 Spain
85%
3 Sweden
83%
2 Australia
81%
2 China
81%
6 India
81%
2 Russia
79%
2 Argentina
77%
1 Philippines
74%
3 South Africa
74%
2 Germany
70%
1 Poland
70%
2 Peru
68%
1 Finland
64%
1 Turkey
64%
1 Greece
62%
2 Netherlands
62%
1 Ireland
60%
1 Nigeria
60%
1 Czech Republic
51%
3 Iceland
49%
2 Austria
47%
1 Egypt
47%
1 Israel
47%
3 Jamaica
45%
1 Dominican Republic
34%
1 Trinidad and Tobago
32%
1 Grenada
17%
1 Guam
17%
2 Puerto Rico
15%
1 Bermuda
13%
1 Gibraltar
13%
No matching quizzes found
Score Distribution
Percent of People with Each Score
Percentile by Number Answered
Your Score History
You have not taken this quiz